| 000 | 00679nam a22001457a 4500 | ||
|---|---|---|---|
| 999 |
_c525967 _d525967 |
||
| 008 | 240429b ||||| |||| 00| 0 eng d | ||
| 100 |
_aCummins, Neil _944746 |
||
| 245 | _aAlfani, Guido. As gods among men: A history of the rich in the West | ||
| 260 | _aJournal of Economic Literature | ||
| 300 | _a62(1). Mar, 2024: p.317-319 | ||
| 520 | _aCummins, Neil. 2024. "Alfani, Guido. As Gods Among Men: A History of the Rich in the West." Journal of Economic Literature, 62 (1): 317-19.DOI: 10.1257/jel.62.1.317.r1. Reproduced https://www.aeaweb.org/articles?id=10.1257/jel.62.1.317.r1 | ||
| 773 | _aJournal of Economic Literature | ||
| 906 | _aBOOK REVIEW | ||
| 942 | _cAR | ||